000
00309nam a22001217a 4500
008
260116b ||||| |||| 00| 0 eng d
041
_a
eng
080
_a
000104826
100
_a
20
101
_a
mark
245
_a
The accounting Review
_c
krishnagopal menon and david d. williams
942
_2
lcc
_c
BK
_e
volume 69
999
_c
60750
_d
60750